The role of the commercial manager in infrastructure (Record no. 115923)

MARC details
000 -LEADER
fixed length control field 01594cad a22003015a 4500
001 - CONTROL NUMBER
control field L159463
008 - FIXED-LENGTH DATA ELEMENTS--GENERAL INFORMATION
fixed length control field 130206s2017 xxk f 000 0 eng d
020 ## - INTERNATIONAL STANDARD BOOK NUMBER
International Standard Book Number 9781783211319
035 ## - SYSTEM CONTROL NUMBER
System control number (Sirsi) u159463
041 0# - LANGUAGE CODE
Language code of text/sound track or separate title eng
050 04 - LIBRARY OF CONGRESS CALL NUMBER
Classification number 658.404
110 2# - MAIN ENTRY--CORPORATE NAME
Corporate name or jurisdiction name as entry element Royal Institution of Chartered Surveyors
9 (RLIN) 4900
245 04 - TITLE STATEMENT
Title The role of the commercial manager in infrastructure
Medium [electronic resource]
260 ## - PUBLICATION, DISTRIBUTION, ETC.
Place of publication, distribution, etc. London
Name of publisher, distributor, etc. RICS
Date of publication, distribution, etc. 2016
490 #0 - SERIES STATEMENT
Series statement RICS Guidance Note
520 ## - SUMMARY, ETC.
Summary, etc. Sets out how the role of the commercial manager is both expanding and deepening in the fast evolving field of infrastructure. It describes how the commercial manager should bring professional skill and influence through the infrastructure project lifecycle and demonstrates the importance of understanding and translating the investment case into disciplined processes; recognising the impact of scale and the uniqueness of engineering not seen elsewhere in general practice, and tailoring the approach to cost, risk and engaging the supply chain. Effective from January 2017.
590 ## - LOCAL NOTE (RLIN)
Local note KA
650 24 - SUBJECT ADDED ENTRY--TOPICAL TERM
Topical term or geographic name entry element INFRASTRUCTURE
9 (RLIN) 6246
650 24 - SUBJECT ADDED ENTRY--TOPICAL TERM
Topical term or geographic name entry element SUPPLY CHAIN MANAGEMENT
650 24 - SUBJECT ADDED ENTRY--TOPICAL TERM
Topical term or geographic name entry element COST ANALYSIS
650 24 - SUBJECT ADDED ENTRY--TOPICAL TERM
Topical term or geographic name entry element CASH FLOW ANALYSIS
650 24 - SUBJECT ADDED ENTRY--TOPICAL TERM
Topical term or geographic name entry element DECISION MAKING
651 #4 - SUBJECT ADDED ENTRY--GEOGRAPHIC NAME
Geographic name United Kingdom
690 ## - LOCAL SUBJECT ADDED ENTRY--TOPICAL TERM (OCLC, RLIN)
Topical term or geographic name as entry element Quantity surveying
9 (RLIN) 6263
690 ## - LOCAL SUBJECT ADDED ENTRY--TOPICAL TERM (OCLC, RLIN)
Topical term or geographic name as entry element Construction management
9 (RLIN) 6230
856 40 - ELECTRONIC LOCATION AND ACCESS
Uniform Resource Identifier <a href="https://www.rics.org/profession-standards/rics-standards-and-guidance/sector-standards/construction-standards/the-role-of-the-commercial-manager-in-infrastructure">https://www.rics.org/profession-standards/rics-standards-and-guidance/sector-standards/construction-standards/the-role-of-the-commercial-manager-in-infrastructure</a>
Public note View free at www.rics.org
942 ## - ADDED ENTRY ELEMENTS (KOHA)
Suppress in OPAC 0
Source of classification or shelving scheme Dewey Decimal Classification
Holdings
Withdrawn status Lost status Source of classification or shelving scheme Damaged status Not for loan Home library Current library Shelving location Date acquired Total Checkouts Barcode Date last seen Copy number Price effective from Koha item type Full call number
    Dewey Decimal Classification     London London RICS Boxes 28/07/2017   30078439 06/08/2019 1 06/08/2019 Archive RICS 2017/7
    Dewey Decimal Classification     London London RICS Boxes 28/07/2017   30078440 06/08/2019 2 06/08/2019 Reference material RICS 2017/7
    Dewey Decimal Classification     London London RICS Boxes 01/08/2017   30078489 06/08/2019 3 06/08/2019 Reference material RICS 2017/7
    Dewey Decimal Classification     Virtual Virtual Online 25/07/2017   159463-2001 22/03/2023 4 06/08/2019 Book